书目信息 |
| 题名: |
中国图书发行网点博览
|
|
| 作者: | 巩德仁 主编 | |
| 分册: | ||
| 出版信息: | 长春 吉林人民出版社 1987.12 |
|
| 页数: | 752,62页 | |
| 开本: | 26cm | |
| 丛书名: | ||
| 单 册: | ||
| 中图分类: | G239.23 | |
| 科图分类: | ||
| 主题词: | 出版发行机构-图书--中国 , 出版社--简介--中国 , 图书-出版发行机构--中国 , 图书馆--简介--中国 , 书店--简介--中国 | |
| 电子资源: | ||
| ISBN: | 7-206-00102-5 | |
| 000 | 01068nam0 2200301 45 | |
| 001 | 0188017279 | |
| 005 | 20070729110144.09 | |
| 010 | @a7-206-00102-5@b精装@dCNY30.00 | |
| 020 | @aCN@b88017279 | |
| 091 | @a17091.61 | |
| 100 | @a19910417d1987 m y0chiy0120 ea | |
| 101 | 0 | @achi |
| 102 | @aCN@b220000 | |
| 105 | @acf z 000yy | |
| 200 | 10 | @a中国图书发行网点博览@Azhong guo tu shu fa xing wang dian bo lan@f巩德仁等主编@Fgong de ren deng zhu bian |
| 210 | @a长春@c吉林人民出版社@d1987.12 | |
| 215 | @a752,62页@c肖像及照片@d26cm | |
| 330 | @a本书介绍了全国图书发行网点的经营范围、储运量、联系方式;全国各家出版社的出版范围、重点出书情况;全国各图书馆馆藏范围、藏书量等内容。 | |
| 540 | 1 | @a中国图书发行网点博览@Azhong guo tu shu fa xing wang dian bo lan |
| 606 | @a出版发行机构-图书@y中国 | |
| 606 | @a出版社@x简介@y中国 | |
| 606 | @a图书-出版发行机构@y中国 | |
| 606 | @a图书馆@x简介@y中国 | |
| 606 | @a书店@x简介@y中国 | |
| 690 | @aG239.23@v4 | |
| 701 | 0 | @a巩德仁@Agong de ren@4主编 |
| 801 | 0 | @aCN@bTSSF@c20070729 |
| 905 | @a10447@dG239.23@e14 | |
| 中国图书发行网点博览/巩德仁等主编.-长春:吉林人民出版社,1987.12 |
| 752,62页:肖像及照片;26cm |
| ISBN 7-206-00102-5(精装):CNY30.00 |
| 本书介绍了全国图书发行网点的经营范围、储运量、联系方式;全国各家出版社的出版范围、重点出书情况;全国各图书馆馆藏范围、藏书量等内容。 |
| ● |
| 相关链接 |
|
|
|
|
正题名:中国图书发行网点博览
索取号:G239.23/14
 
预约/预借
| 序号 | 登录号 | 条形码 | 馆藏地/架位号 | 状态 | 备注 |
| 1 | 0788784 | 207887848 | 第一样本阅览室/ [索取号:G239.23/14] | 在馆 |